00778 a2200193 4500010001400000020002200014035001300036037001800049082000800067090001500075245010900090260005800199270011600257300002700373700002000400942002300420999001500443952012600458 aENG-85476 c75.00a8188261351 aEN-69009 bD.B.Act / Pub14a921 c2791d27911 aAdvent of bhagwan Ramanactranslated & edited by A.R.Natrajanba biography by yogi Shuddhsnsnda Bharathi aBanglorec2005bRamana Maharishi Centre for Leaqrning aHeritage Building, Post Office Road, Sanjay Nagar,bBangloree560 094k23512639, 23514930mwww.ramanacentre.org av, 93 p.c22 cm (Pbk.)1 aNatrajan, A. R. adplcENk921 / ADV c2738d2738 00102ddc40718NFICaDBADbDBADeDBAD/PUBg75.00l0o921pEN-69009r2008-09-15 00:00:00t1u2928v75.00w2008-09-15yEN